[Event "Frederikssund Weekend G3 2nd"]
[Site "Frederikssund"]
[Date "2004.09.26"]
[Round "4"]
[White "Scherwin, Claes"]
[Black "Madsen, Ejvin"]
[Result "1-0"]
[WhiteElo "1478"]
[BlackElo "1325"]
[PlyCount "73"]
[EventDate "2004.09.24"]
[EventType "tourn"]
[EventRounds "5"]
[EventCountry "DEN"]
[SourceTitle "EXT 2023"]
[Source "ChessBase"]
[SourceDate "2022.10.05"]
[SourceVersion "1"]
[SourceVersionDate "2022.10.05"]
[SourceQuality "1"]

1. Nf3 d5 2. d4 e6 3. c4 c6 4. Nc3 Nf6 5. Bf4 Nbd7 6. e3 Be7 7. Bd3 b6 8. cxd5 Nxd5 9. Nxd5 cxd5 10. Rc1 0-0 11. 0-0 h6 12. Bg3 a5 13. Ne5 Nxe5 14. Bxe5 Bf6 15. Bc7 Qd7 16. Bxb6 Bb7 17. Rc7 Qd6 18. Rxb7 Qc6 19. Bc5 Qxb7 20. Bxf8 Kxf8 21. Qd2 e5 22. dxe5 Bxe5 23. b3 Bd6 24. Rc1 Qb8 25. g3 Qd8 26. Bb5 Bb4 27. Qd3 g6 28. Qd4 Kg8 29. Rd1 Rc8 30. Bc4 Rc5 31. Bxd5 Qc7 32. Qf6 Kf8 33. Bxf7 Rf5 34. Qh8+ Ke7 35. Qe8+ Kf6 36. Qe6+ Kg5 37. Qxg6# 1-0

[Event "Frederikssund DSU 100 years G"]
[Site "Frederikssund"]
[Date "2003.02.08"]
[Round "2"]
[White "Madsen, Ejvin"]
[Black "Pedersen, Christopher RNH"]
[Result "0-1"]
[WhiteElo "1217"]
[BlackElo "1200"]
[PlyCount "88"]
[EventDate "2003.02.07"]
[EventType "tourn"]
[EventRounds "5"]
[EventCountry "DEN"]
[SourceTitle "EXT 2023"]
[Source "ChessBase"]
[SourceDate "2022.10.05"]
[SourceVersion "1"]
[SourceVersionDate "2022.10.05"]
[SourceQuality "1"]

1. e4 c5 2. Nf3 d6 3. Nc3 Nf6 4. d3 g6 5. Be3 Nc6 6. d4 cxd4 7. Nxd4 a6 8. Nxc6 bxc6 9. Rb1 Bg7 10. Be2 Bb7 11. 0-0 0-0 12. Bd3 d5 13. Bd4 Re8 14. e5 Nd7 15. Re1 e6 16. b4 Qh4 17. Bc5 Bxe5 18. Qf3 Qxh2+ 19. Kf1 Bxc3 20. Red1 Ne5 21. Qg3 Qxg3 22. fxg3 Nxd3 23. Rxd3 Bg7 24. Re1 e5 25. c3 e4 26. Rde3 a5 27. a3 Ba6+ 28. Kg1 a4 29. Rc1 Bh6 30. Kf2 Re6 31. Rh1 Bxe3+ 32. Bxe3 Rf6+ 33. Ke1 Rc8 34. g4 c5 35. Bxc5 Rxc5 36. bxc5 Rc6 37. Kd2 Rxc5 38. Rb1 Rb5 39. Rf1 Rb2+ 40. Kc1 Bxf1 41. Kxb2 Bxg2 42. Kc2 f5 43. gxf5 gxf5 44. Kd2 f4 0-1